000 00376nam a22001577a 4500
003 MPLRDC
005 20220104152756.0
008 210129b ||||| |||| 00| 0 eng d
082 _a944.4 FBS
100 _a傅抱石编
245 _a国画写山要法
_c
260 _a
_b宏图出版社
_c
300 _b
650 _a中国画法--山水画
942 _cBK
_o944.4 FBS
999 _c53086
_d53076